000 01091nam0a2200313 4500
001 RU\NLR\bibl\1863843
005 20260409070732.0
010 _a978-5-91149-225-0
_910000
021 _aRU
_b2011-104128
_97451
035 _a(NLR Aleph) 001853731
090 _a2437345
_c2437345
100 _a20120202d2011 |||y0rusy50 ca
101 0 _arus
102 _aRU
105 _aa |||||||||
200 1 _aРазвитие речи
_eразвивающая книга с наклейками
_e2+
_e[для чтения взрослыми детям
_fС. Разин]
210 _aМосква
_cКинотавр видео
_d2011
215 _a20 с., [2] л. цв. наклеек
_cцв. ил.
_d29
225 1 _aШкола малышей
300 _aАвт. указан в вып. дан.
606 _aДошкольники
_xРазвитие речи
_3RU\NLR\auth\66356888
_9957151
686 _aЧ411.382.11
701 1 _aРазин
_bС.
_4070
801 0 _aRU
_bNLR
_c20120202
_gRCR
801 1 _aRU
_bNLR
_c20120202
942 _cBOOK
980 _aNB
980 _aNBR